| 000 | 00846nam a2200241 4500 | ||
|---|---|---|---|
| 001 | 124473 | ||
| 003 | ES-MaACL | ||
| 005 | 20250813062615.0 | ||
| 007 | t| | ||
| 008 | 070328s1929 sp ||||1| spa d | ||
| 080 | _a821.161.1.09 | ||
| 100 | 1 |
_aBrückner, Alexander. _932061 |
|
| 245 | 1 | 0 |
_aHistoria de la literatura rusa / _cAlexander Brückner ; traducido del alemán por Manuel de Montoliu. |
| 260 |
_aBarcelona : _bLabor, _c1929. |
||
| 300 |
_a324 p., XVI p. de lám. : _bil. ; _c17 cm. |
||
| 490 | 1 |
_aColección Labor ; _v207- 208 |
|
| 500 | _aCon un Apéndice dedicado a la literatura rusa contemporánea. | ||
| 650 | 1 | 4 |
_aLiteratura rusa- _xHistoria y crítica. _914663 |
| 700 | 0 |
_aMontoliu, Manuel de, _d1877-1961 _982679 |
|
| 830 | 0 | 0 |
_aColección Labor _v207- 208 _9184254 |
| 852 | 4 |
_aES-MaACL _jE-2722 |
|
| 999 |
_c124473 _d124473 |
||